000 00541nam a2200205Ia 4500
003 OSt
005 20230610115614.0
008 210423s2007 xx 000 0 und d
020 _a9788187169877
040 _cAL
041 _aeng
082 _a512.24 ATIM
_223
100 _aATIYAH (M F); MACDONALD (I G).
_992534
245 _aIntroduction to commutative algebra.
260 _aNew Delhi
_bLevant Books
_c2007
300 _aviii;407
_bPB
365 _b595
_cINR
906 _aalgebra. ; commutative ; Introduction
942 _2ddc
_cBK
999 _c161634
_d161634